000 00334nam a2200145Ia 4500
008 230718s9999 xx 000 0 und d
041 _aEng.
082 _a923.4
_bJAL-T
100 _aJalala Ayesha
245 4 _aThe Sole Expollermon
260 _aPakistan
_bSang- e- meel he
_c1996
300 _a510
650 _aLaw
999 _c26373
_d26373